00745 2200241 4500001002100000005001700021008004100038020001800079035002400097082001800121090002800139245009100167250001100258260003500269300003200304500003100336650004000367650003800407850001800445980001300463985000600476999002100482YOGYA-0209000005749220090227034227.0 ind  a979-539-012-2 0010-020900000057492 a307.720959843 a307.720959843bKajlDEP aKAJIAN sosial ekonomi desa-desa perbatasasn di Kalimantan TimurcMubyarto ... [et al.] aCet. 1 aYogyakartabAditya Mediac1991 axxvii, 172 hlmbilusc21 cm aBibliografi : hlm. 153-157 aPembangunan desa - Kalimantan Timur aSosiologi desa - Kalimantan Timur aYOPDYOG (DEP) a20-09-05 a1 a91-461 h CB-D.11